000 00696cam a22002531 4500
001 sa 68017461
003 DLC
005 20260227112703.0
008 841001q19001984io b 000 0 ind
010 _asa 68017461
025 _aPL480:Indo-6812
035 _a(OCoLC)11217165
040 _aDLC
_cWU
_dDLC
042 _apremarc
050 0 0 _aHT421
_b.I5
110 2 _aInstitut Pertanian Bogor.
_bBagian Sosiologi Pedesaan dan Penjuluhan.
245 1 0 _aPengantar sosiologi pedesaan.
260 _aBogor,
_c[19--
300 _av.
_c21 cm.
500 _aCover title.
504 _aBibliography: v. 2, p. 44-49.
505 1 _abagian 2. Konsepsi² sosiologi.
650 0 _aSociology, Rural.
999 _c87730
_d87730